<?xml version="1.0" encoding="UTF-8"?><?xml-stylesheet type="text/xsl" href="static/style.xsl"?><OAI-PMH xmlns="http://www.openarchives.org/OAI/2.0/" xmlns:xsi="http://www.w3.org/2001/XMLSchema-instance" xsi:schemaLocation="http://www.openarchives.org/OAI/2.0/ http://www.openarchives.org/OAI/2.0/OAI-PMH.xsd"><responseDate>2026-04-17T21:40:16Z</responseDate><request verb="GetRecord" identifier="oai:www.recercat.cat:10230/57517" metadataPrefix="marc">https://recercat.cat/oai/request</request><GetRecord><record><header><identifier>oai:recercat.cat:10230/57517</identifier><datestamp>2025-12-22T20:19:02Z</datestamp><setSpec>com_2072_6</setSpec><setSpec>col_2072_452954</setSpec></header><metadata><record xmlns="http://www.loc.gov/MARC21/slim" xmlns:dcterms="http://purl.org/dc/terms/" xmlns:xsi="http://www.w3.org/2001/XMLSchema-instance" xmlns:doc="http://www.lyncode.com/xoai" xsi:schemaLocation="http://www.loc.gov/MARC21/slim http://www.loc.gov/standards/marcxml/schema/MARC21slim.xsd">
   <leader>00925njm 22002777a 4500</leader>
   <datafield ind2=" " ind1=" " tag="042">
      <subfield code="a">dc</subfield>
   </datafield>
   <datafield ind2=" " ind1=" " tag="720">
      <subfield code="a">Odriozola i Marcé, Martí</subfield>
      <subfield code="e">author</subfield>
   </datafield>
   <datafield ind2=" " ind1=" " tag="260">
      <subfield code="c">2023-07-10T09:12:00Z</subfield>
   </datafield>
   <datafield ind2=" " ind1=" " tag="260">
      <subfield code="c">2023-07-10T09:12:00Z</subfield>
   </datafield>
   <datafield ind2=" " ind1=" " tag="260">
      <subfield code="c">2023-06-11</subfield>
   </datafield>
   <datafield ind2=" " ind1=" " tag="520">
      <subfield code="a">Treball de Fi de Grau en Ciències Polítiques i de l&amp;apos;Administració. Curs 2022-2023</subfield>
   </datafield>
   <datafield ind2=" " ind1=" " tag="520">
      <subfield code="a">Tutor: Jordi Pascual i Saüc</subfield>
   </datafield>
   <datafield ind2=" " ind1=" " tag="520">
      <subfield code="a">Des de la recuperació de les institucions d’autogovern, el Parlament de Catalunya ha tingut un paper clau en la defensa dels drets del col·lectiu LGTBI, tant a través de pronunciaments polítics sense efectes jurídics com, especialment, mitjançant l’aprovació de lleis que han garantit els drets de manera efectiva: la llei de parelles de fet, la legalització de l’adopció per part de les parelles homosexuals i la Llei 11/2014, una norma integral amb un règim de sancions pioner, són les tres principals contribucions.  Aquest estudi radiografia en profunditat totes les iniciatives associades als drets del col·lectiu LGTBI que s’han presentat al Parlament des del 1980 fins al 2014. En total, són 39 iniciatives: 22 no legislatives, vuit legislatives, una proposta de resolució per dur una proposició de llei al Congrés dels Diputats, cinc declaracions del Parlament i tres preguntes orals. La metodologia es vehicula fonamentalment a través de l’anàlisi de discurs dels textos de les iniciatives i dels debats que van suscitar al Parlament i es complementa amb nou entrevistes. La realitat fa palès que Catalunya ha estat pionera en la defensa dels drets LGTBI, però evidencia que aquest avenç ha requerit un esforç reiterat i la insistència dels actors implicats.</subfield>
   </datafield>
   <datafield tag="653" ind2=" " ind1=" ">
      <subfield code="a">Treball de fi de grau – Curs 2022-2023</subfield>
   </datafield>
   <datafield tag="653" ind2=" " ind1=" ">
      <subfield code="a">Homosexuals – Situació legal, lleis, etc. (Catalunya)</subfield>
   </datafield>
   <datafield tag="653" ind2=" " ind1=" ">
      <subfield code="a">Parlament de Catalunya</subfield>
   </datafield>
   <datafield tag="653" ind2=" " ind1=" ">
      <subfield code="a">LGTBI</subfield>
   </datafield>
   <datafield tag="653" ind2=" " ind1=" ">
      <subfield code="a">LGTBI-fòbia</subfield>
   </datafield>
   <datafield tag="653" ind2=" " ind1=" ">
      <subfield code="a">Gais</subfield>
   </datafield>
   <datafield tag="653" ind2=" " ind1=" ">
      <subfield code="a">Lesbianes</subfield>
   </datafield>
   <datafield tag="653" ind2=" " ind1=" ">
      <subfield code="a">Bisexuals</subfield>
   </datafield>
   <datafield tag="653" ind2=" " ind1=" ">
      <subfield code="a">Transsexuals</subfield>
   </datafield>
   <datafield tag="653" ind2=" " ind1=" ">
      <subfield code="a">Intersexuals</subfield>
   </datafield>
   <datafield tag="653" ind2=" " ind1=" ">
      <subfield code="a">Parlamentarisme</subfield>
   </datafield>
   <datafield tag="653" ind2=" " ind1=" ">
      <subfield code="a">Drets humans</subfield>
   </datafield>
   <datafield ind2="0" ind1="0" tag="245">
      <subfield code="a">La defensa dels drets del col·lectiu LGTBI al Parlament de Catalunya: del primer posicionament polític el 1983 a l’aprovació de la Llei 11/2014</subfield>
   </datafield>
</record></metadata></record></GetRecord></OAI-PMH>